000 00574cam a22002053a 4500
001 45417
003 PGUSA
005 20140828084041.0
008 140421s2014||||xxu|||||s|||||000 | eng d
040 _aPGUSA
_beng
042 _adc
100 1 _aWayne, Dorothy
245 1 0 _aDorothy Dixon Solves the Conway Case
_h[electronic resource] /
_cDorothy Wayne
260 _bProject Gutenberg,
_c2014
506 _aPublic domain in the USA.
516 _aElectronic text
830 0 _aProject Gutenberg
_v45417
856 4 0 _uhttp://www.gutenberg.org/ebooks/45417
942 _cEB
999 _c274668
_d274668